Presupuesto para el año 1946 / Escuela Elemental del Trabajo de la Diputación Provincial de Barcelona
Publicado:
[Barcelona :
Escuela Elemental del Trabajo de la Diputación Provincial de Barcelona ,
1945
Descripción Física:
24 f. ; 22 x 32 cm
MARC
| LEADER | 00000nam a2200000Ia 4500 | ||
|---|---|---|---|
| 001 | 9290 | ||
| 008 | 160829s1945?] xx 000 0 cat d | ||
| 080 | |a FU-24-26 | ||
| 100 | |a Escola Elemental del Treball (Barcelona) |9 55345 | ||
| 245 | |a Presupuesto para el año 1946 / Escuela Elemental del Trabajo de la Diputación Provincial de Barcelona | ||
| 260 | |a [Barcelona : |b Escuela Elemental del Trabajo de la Diputación Provincial de Barcelona, |c 1945?] | ||
| 300 | |a 24 f. ; |c 22 x 32 cm | ||
| 590 | |a Mecanografiat | ||
| 650 | |a Escola Elemental del Treball (Barcelona) |x Pressupostos |9 24623 | ||
| 710 | 1 | |a Barcelona (Catalunya : Província). |b Diputació |9 52408 | |
| 856 | 4 | |u https://media.diba.cat/diba/fitxers/arxiu/fulletons/bib_9290_1946_baixa.pdf |y Accés lliure | |
| 856 | 4 | |u https://media.diba.cat/diba/fitxers/arxiu/fulletons/bib_9290_1946_baixa.pdf |y Accés lliure | |
| 901 | |a Arxiu | ||
| 942 | |n 1 |2 udc | ||
| 952 | |0 0 |1 0 |4 0 |6 FU2426 |7 1 |9 43234 |a Arxiu |b Arxiu |d 2016-12-01 |l 0 |o FU-24-26 |p 9290 |r 2016-12-01 00:00:00 |w 2016-12-01 |y ARXIU | ||
| 999 | |c 45778 |d 45778 | ||
| 900 | |a bib_9290_1946_baixa.pdf | ||